[Event "Tata Steel Masters"]
[Site "?"]
[Date "2017.01.29"]
[Round "13.1"]
[White "Carlsen, Magnus"]
[Black "Karjakin, Sergey"]
[Result "1/2-1/2"]
[WhiteElo "2840"]
[BlackElo "2785"]
[EventDate "2017.??.??"]
[Annotator "Bojkov,Dejan"]
[PlyCount "105"]
[Beauty "5430180854815"]
[EventType "team-tourn"]
[WhiteClock "0:26:27"]
[BlackClock "0:31:38"]

1.e4 e5 2.Nf3 Nc6 3.Bc4 {In a must-win situation Carlsen decided to avoid the Berlin Wall.} 3...Bc5 4.c3 Nf6 5.d3 O-O 6.Bg5 d6 7.Nbd2 ( {The other continuation is:} 7.O-O h6 8.Bh4 Re8 9.Nbd2 Be6 10.Re1 {as in Cheparinov,I (2688)-Melkumyan,H (2640) Izmir 2016} ) 7...h6 8.Bh4 g5 {All of this has been played before but here Carlsen uncorked:} 9.Nxg5 ( {Instead of the calm:} 9.Bg3 Ne7 10.Nf1 Ng6 {when Black does not have any problems as a rule, Nemeth,H (1685)-Gergely,A (1829) Miskolc 2010} ) 9...hxg5 10.Bxg5 {The sacrifice is purely positional. Carlsen gets two pawns for a piece and mounting pressure.} 10...Kg7 ( 10...Be6 {at once is also a possibility.} ) 11.Qf3 Be6 ( {A standard idea to get rid of the pin in similar situations of the Ruy lopez is to bring the rook out with:} 11...Rh8 12.h4 Rh6 {But in this case White will have material advantage after} 13.Bxh6+ Kxh6 14.b4 ( 14.Bxf7 {at once is also good.} ) 14...Bb6 15.a4 ) 12.b4 Bb6 13.Bd5 {The dominant position of the bishop secures a third pawn.} ( 13.a4 a5 14.b5 Nb8 {would be less precise.} ) 13...a5 ( {Here} 13...Rh8 $5 {is more interesting, for example} 14.a4 a5 15.b5 Nb8 16.Bxb7 Ra7 17.Bd5 Nbd7 ) ( {However} 13...Bxd5 $2 {to save the pawn is wrong. After} 14.exd5 Nb8 15.Ne4 Nbd7 16.Qf5 {the pin is irreversible.} ) 14.b5 Nb8 15.Bxb7 Ra7 16.Bd5 Nbd7 17.Nc4 {Material is equal, but Karjakin can be also satisfied with his position after:} 17...Bxd5 18.exd5 Qe8 {Black broke the pin and if the coming knight on f5 does not mate him might be even better.} 19.Ne3 Rg8 ( {Worse was:} 19...e4 20.Qg3 Nh5 21.Nf5+ Kh7 ( 21...Kg6 22.Qg4 ) 22.Qh3 ) 20.O-O Nh7 21.Nf5+ Kh8 {The king is safe. Funnily, it is Black who wants to attack on the "g" file now.} 22.Bh4 Ra8 23.Rae1 f6 24.Re4 $5 {A clever idea. The immediate:} ( 24.d4 {would have been answered with} 24...Qg6 $5 25.Ne7 Qg4 26.Nxg8 Qxf3 27.gxf3 Rxg8+ 28.Kh1 f5 {When if anyone is better that is not White.} ) ( {From the above-mentioned line we can try another cunning idea:} 24.Kh1 $5 {With the idea to prepare for the play on the open line after} 24...Qg6 25.Ne7 Qg4 26.Nxg8 Qxf3 27.gxf3 Rxg8 28.Rg1 Nhf8 {Although here too it should be approximately equal.} ) 24...Nc5 25.Re3 ( 25.Rg4 Rxg4 26.Qxg4 Qf7 {is good for Black.} ) 25...Nd7 26.d4 Qg6 $5 {Karjakin decided to get rid of the queens. His defensive skills are already legendary.} ( {After} 26...Ndf8 $5 27.Qe4 Ng6 28.Rh3 {White can still try a kingside attack.} ) 27.Ne7 Qg4 28.Nxg8 Rxg8 {Now we see why Carlsen did Re1-e4-e3. His pawns will not get doubled after the queen swap:} ( 28...Qxf3 29.Rxf3 ) 29.Qxg4 Rxg4 30.g3 exd4 {I suspect that Black did not like the line:} ( 30...Nhf8 31.dxe5 Bxe3 ( 31...fxe5 $1 {is OK for him though.} ) 32.e6 $1 Bc5 33.Re1 Rg8 34.e7 Ng6 35.e8=Q Rxe8 36.Rxe8+ Kg7 37.Ra8 {when White might be indeed better.} ) 31.cxd4 Bxd4 32.Re8+ Rg8 33.Re7 ( 33.Ree1 Ne5 ) 33...Rg7 34.Re4 {Carlsen still pushes for a win but with the isolated bishop on h4 this is hardly possible.} 34...Ne5 35.Kg2 {Not:} ( 35.Rxd4 $4 Nf3+ ) 35...Bb6 36.f4 Ng6 37.Kh3 ( {More precise would have been:} 37.Re8+ $5 Rg8 38.Rxg8+ Kxg8 39.Kh3 ) 37...Kg8 $1 {The king takes care of himself and completely locks the bishop on h4.} 38.Rfe1 Kf7 39.Re6 Rg8 40.R1e4 {One more inaccuracy and Carlsen gets into a bit of a trouble. Correct was some semi-waiting move like:} ( 40.a4 {with the idea to meet} 40...Rh8 {with} 41.Kg4 $1 ) 40...f5 41.Re2 Rh8 {Suddenly, there are threats against the white king.} 42.a4 ( {His Majesty does not want to leave the soldiers} 42.Kg2 Nxh4+ 43.gxh4 ) 42...Kg7 $1 {With the theat to bring the knight out. A curious position arises after:} ( 42...Nxh4 43.Re7+ Kg6 ( 43...Kg8 $2 44.Kxh4 $1 Nf6+ 45.Kg5 ) 44.gxh4 Nf6 45.R2e6 {both sides cannot improve their situation.} ) 43.Rxg6+ $1 {Carlsen always feels the critical moment. One more delay and it would have been over for him. For example:} ( 43.Re1 $2 Nf6 $1 {and as there is no} 44.Rxf6 ( 44.R1e2 Nxd5 ) 44...Nxh4 {White's position falls appart.} ) 43...Kxg6 44.Re6+ Kf7 ( {Maybe} 44...Kh5 45.Kg2 Nf8 {would have given Black winning chances.} ) 45.Re7+ Kg8 {Now White holds easily.} ( 45...Kg6 46.Re6+ ) 46.Kg2 Nf8 47.Bg5 Rh7 ( {Or} 47...Ng6 48.Rd7 Rh7 49.Rd8+ Nf8 50.Re8 ) 48.Re8 Kf7 49.Rd8 Kg8 50.Re8 Rf7 51.Bh6 Rf6 {Karjakin decided to force a draw.} 52.Bg5 Rf7 53.Bh6 1/2-1/2

[Event "Sharjah E Grand Prix"]
[Site "FIDE"]
[Date "2017.02.18"]
[Round "1.9"]
[White "Grischuk, Alexander"]
[Black "Hammer, Jon Ludvig"]
[Result "1/2-1/2"]
[WhiteElo "2742"]
[BlackElo "2628"]
[EventDate "2017.??.??"]
[Annotator "Bojkov,Dejan"]
[PlyCount "81"]
[Beauty "6118738759694"]
[EventType "schev"]
[EventRounds "3"]
[EventCountry "FID"]
[WhiteClock "0:42:46"]
[BlackClock "0:01:30"]

1.c4 e5 2.d3 {The English opening is essentially a reversed Sicilian and both players quickly reach a position from the Moscow line with an extra tempo for White.} 2...Bb4+ 3.Nd2 Nf6 4.Nf3 Bd6 ( {Giri tried instead} 4...Nc6 5.a3 Bxd2+ 6.Qxd2 d5 {against Topalov and achieved an OK position after} 7.cxd5 Qxd5 8.e4 Qd6 {Topalov,V (2761)-Giri,A (2769) Saint Louis 2016} ) 5.a3 O-O 6.e3 ( {Grischuk rejected} 6.Ne4 Nxe4 7.dxe4 {"It might be good when playing it as Black, but not here". White's plan involves further maneuvering of the knight via d2-b1-c3 all the way to d5 but Black's resources are sufficient to keep the balance.} ) 6...Re8 7.Qc2 {Grischuk made another comparison to the Sicilian. In the line:} ( 7.b4 c5 8.g4 Nxg4 9.Ne4 Bf8 10.bxc5 {White has an extra tempo in comparison to the Reversed Sicilian. However, the extra e2-e3 move that he made is depriving him of the Bc1-g5 move after the black knight returns to f6. Black is indeed doing fine after say} 10...d5 ) 7...Bf8 8.b4 d6 {Hammer explained that he decided at first not to force b4-b5, but then he changed his mind on the next move. But if he wanted to do it, the right time was now:} ( 8...a5 9.b5 d6 10.Bb2 b6 11.Be2 Bb7 12.O-O Nbd7 {"Black's play is very easy." Grischuk.} ) 9.Bb2 a5 10.Be2 {Now White simply keeps the pressure on the queenside.} 10...Na6 11.Qb3 Bf5 12.O-O h6 13.Bc3 c6 14.Qb2 {Black has to reckon with the c4-c5 threat.} 14...Nd7 15.Nb3 a4 16.Nbd2 {Grischuk spent a lot of time on the risky:} ( 16.Na5 Qc7 17.d4 {After} 17...e4 ( {However, the Russian's sense of danger did not let him down as} 17...exd4 {is indeed better. Then after} 18.exd4 ( 18.Nxd4 Be4 {followed by Na6-b8 and b7-b6 leaves the knight dangerously exposed.} ) 18...b6 {works for Black since} 19.Nxc6 Qxc6 20.b5 Qe4 {comes with a tempo.} ) 18.Nd2 {He liked his position as Black cannot win the knight with} 18...b6 {due to} 19.Nxc6 Qxc6 20.b5 ) 16...Nc7 17.Rfe1 Bh7 18.Rad1 b6 {All normal by now. Both sides are getting ready for the coming pawn clashes and transformations. The only problem was that both players had left a few seconds on their clocks (plus increment) for the most interesting part of the game. And mind you, nothing is traded yet!} 19.Ne4 f5 {Hammer revealed himself as an Aerosmith fan with: "This is either going to be brilliant or horrendous, but we are living on the edge."} ( {Grischuk liked the light-squared initiative that he would get in case of} 19...d5 20.Ng3 f6 21.Nh4 ) ( {Some move like} 19...Rc8 {would be calmer.} ) 20.Ng3 c5 {More risky time-trouble play.} 21.Nd2 ( 21.b5 $5 {is another way to play the position when after} 21...Ne6 22.Nd2 {the light-squared white bishop will be shown on the f3 square.} ) 21...Rb8 22.Bh5 ( 22.Bf3 {at once was OK too. White should be slightly better here.} ) 22...Re7 23.Bf3 b5 {And the melee started.} 24.Qc2 ( 24.Bc6 $5 ) 24...Kh8 25.Bc6 {Not sure how to change the pawn structure Grischuk goes for the most clear-cut continuation and wins a pawn.} ( 25.Rb1 $5 {to keep the pressure was another option (unbearable with that little time on the clock though).} ) 25...Rb6 ( 25...bxc4 26.Nxc4 {would only make things worse for Black.} ) 26.cxb5 Nxb5 27.Bxb5 Rxb5 28.Qxa4 Rb8 29.Qc6 {Once again White rejects the kamikaze feeling to throw the knight in the opponent's camp with} ( 29.e4 f4 30.Nf5 {as both} 30...Re8 ( {Or} 30...Nb6 31.Qa5 Rc7 {will leave the horsie precariously placed.} ) ) 29...Re8 30.Nc4 {Grischuk believed he is close to winning until Hammer uncorked} ( {Later the Russian suggested} 30.Qf3 Qf6 31.Nc4 {but this should be very good for Black after} 31...e4 $5 32.Bxf6 exf3 33.Ba1 cxb4 34.axb4 d5 ) 30...Qc8 31.Qf3 ( 31.Qxc8 Rexc8 {"gives Black good drawing chances" Grischuk.} ) 31...d5 $3 {"Fantastic!" Grischuk.} 32.Qxd5 ( {Everyone would be scared by the look of the black pawns after} 32.Na5 Nf6 ) 32...Nf6 33.Qf3 ( 33.Qf7 {would drop the queen after both} 33...Rb7 ( 33...Re7 ) ) 33...e4 {The point behind the sacrifices. The knight on c4 is deprived of any support.} 34.dxe4 {Instead both:} ( 34.Qf4 Nd5 {lose material for White.} ) ( {Ditto for} 34.Qe2 exd3 35.Qxd3 f4 ) 34...cxb4 35.Bxf6 Qxc4 36.Ba1 ( {Both player tackled the piece sacrifice in the post-mortem but came to the conclusion taht it is not worthy for White:} 36.Nxf5 gxf6 37.Nd6 Bxd6 38.Qxf6+ Kg8 39.Qxd6 b3 40.Qg3+ Kh8 41.Rd7 {Due to the constant resource} 41...Qc3 $1 ) 36...fxe4 37.Qf4 {In case of} ( 37.Qg4 b3 $1 {is strong. Rather than:} ( 37...bxa3 38.Rd7 $1 ) 38.Bb2 Qc2 39.Rb1 {Chances are approximately equal.} ) 37...bxa3 {Hammer wants to take out all the queenside pawns. Once again} ( 37...b3 38.Rc1 Qe6 39.Bb2 {is double-edged.} ) 38.Qxh6 Kg8 39.Qf4 Rb7 40.Rc1 Qe6 41.Ne2 {They decided this was enough action for round one and called it a day. After} ( 41.Ne2 a2 42.Bd4 Reb8 43.Nc3 {the only one to play for the win would be Black.} ) 1/2-1/2

[Event "Sharjah E Grand Prix"]
[Site "FIDE"]
[Date "2017.02.19"]
[Round "2.1"]
[White "Rapport, Richard"]
[Black "Vachier Lagrave, Maxime"]
[Result "0-1"]
[WhiteElo "2692"]
[BlackElo "2796"]
[EventDate "2017.??.??"]
[Annotator "Bojkov,Dejan"]
[PlyCount "108"]
[Beauty "6739877432335"]
[EventType "schev"]
[EventRounds "3"]
[EventCountry "FID"]
[WhiteClock "0:41:36"]
[BlackClock "1:04:06"]

1.b3 {Rapport's addiction to this move was not a suprise for Vachier-Lagrave.} 1...d5 2.Bb2 Bg4 3.h3 Bh5 4.d3 Nd7 ( {Another plan is} 4...Nc6 5.g4 Bg6 6.Bg2 e5 {with a sort of reversed Modern Defense as in Laznicka,V (2666)-Navara,D (2726) Prague 2016} ) 5.g4 Bg6 6.f4 e6 7.Nf3 h5 {An important move. White should be deprived of his kingside fun.} 8.g5 ( {White cannot keep the pawns in line} 8.Bg2 hxg4 9.hxg4 Rxh1+ 10.Bxh1 Nh6 {and g4-g5 will be forced under less favorable circumstances.} ) 8...Ne7 {A logical move. There is an excellent outpost for the knight, why not to take it?} ( {Black did less good in the only predecessor} 8...h4 9.Nbd2 Bd6 10.e3 f6 11.Rg1 {Blatny,P (2483) -Kurmann,O (2296) Kusadasi 2006} ) 9.Nh4 Nf5 10.Nxf5 Bxf5 {Vachier-Lagrave mentione in his brief talk with Peter Doggers that he already has good play. Indeed, he is well developed and in the future may try to exploit the weaknesses on Rapport's kingside.} 11.Bg2 e5 {No need to prepare this thematic advance.} 12.Qd2 {Greediness is a sin when you are underdeveloped.} ( 12.fxe5 {would be punished with:} 12...Qxg5 13.Bxd5 c6 14.Bf3 Bb4+ 15.c3 ( 15.Nd2 Qg3+ {followed by Bf5xh3 is no good neither.} ) 15...Bc5 16.d4 Nxe5 $1 17.dxc5 Qg3+ 18.Kf1 Nxf3 19.exf3 O-O {White has no moves. Ra8-d8 and Rf8-e8 will soon mate him.} ( {Or the more straightforward} 19...Bxh3+ 20.Rxh3 Qxh3+ 21.Kg1 Rh6 {with a decisive attack.} ) ) 12...exf4 13.Qxf4 Be6 14.Nd2 ( {In case of} 14.h4 Bd6 15.Qf2 {Black can try to exploit the weakness of the g4 square after} 15...Ne5 {Still, I believe that this was much better than what happened in the game.} ) 14...Bd6 15.Qh4 {The weaknesses on the kingside starts to itch. Not too badly, but still.} ( 15.Qe3 O-O ) 15...Ne5 16.Nf3 ( {Perhaps} 16.O-O-O {is slightly trickier. The point being that in the line} 16...Ng6 ( 16...c6 ) 17.Qa4+ Bd7 ( {The other point is that} 17...c6 18.Bxg7 ) 18.Qd4 $5 {the bishop on b2 is immune to the threat Bd6-e5. Another point is that} 18...c5 $2 19.Qxg7 ( 19.Qe3+ $5 ) 19...d4 20.Bd5 $1 {is not impressive at all.} ) 16...Ng6 17.Qa4+ ( {If} 17.Qf2 O-O {and Black is doing great.} ) 17...Bd7 18.Qd4 c5 19.Qe3+ ( {In case of} 19.Qxg7 d4 {the white queen is trapped. It is not very obvious how Black can take it, but he can at least always repeat moves with Bd6-f8-e7.} ) 19...Kf8 $1 {Vachier- Lagrave had obviously planned this move before playing c7-c5. The fact that the rook on h8 is staying out of the play for a while is a minor concession in comparison to the problems of the white king. It cannot stay in the center for ever, the e-file will spell trouble for it. It cannot castle long:} 20.O-O {Thus this is the only option. But you rememeber that the kingside pawns were advanced too far, too early.} ( 20.O-O-O $4 Bf4 ) 20...Qc7 {Black is clearly better. He has a strong center and a safer king.} 21.Qd2 Re8 {The threat is to transfer the bishop on e3.} 22.e3 Kg8 {The king is moving to the safe square on h7. This is not only cautious, but needed:} ( 22...Qc8 23.Qf2 $1 {will emphasize the weakness of the black king.} ) 23.d4 Qc8 $1 {Now this is good. The itch became pain. Rapport cannot hold the kingside.} 24.h4 ( {The computer's suggestion} 24.dxc5 Bxc5 25.Rae1 Bxh3 26.Qc3 Bf8 27.Qxc8 Bxc8 28.Nd4 {can hardly be found by a human being. And it is hardly any stronger.} ) 24...Bh3 25.Ne5 {Qc8-g4 is a deadly threat, so Rapport parts with a pawn.} ( {After} 25.Bxh3 Qxh3 26.Qg2 {Black has a choice of snatching a pawn with} 26...Qxg2+ ( {Or playing for an attack after} 26...Qd7 ) 27.Kxg2 Rxe3 ) 25...Bxe5 26.dxe5 Bxg2 {A slight inaccuracy. Vachier-Lagrave could have taken two instead of one with:} ( 26...Qg4 $1 27.Kh2 Bxg2 28.Qxg2 Qxh4+ 29.Kg1 Nxe5 ) 27.Qxg2 Qg4 {The other way to play it was with the queens on:} ( 27...Nxh4 28.Qf2 Qg4+ 29.Kh2 Kh7 {As} 30.Qxf7 $4 Qg2# ) 28.Rad1 Nxh4 {Now a lenghty forced line follows:} 29.Qxg4 hxg4 30.Rxd5 Nf3+ 31.Kg2 Rh2+ 32.Kg3 Rxc2 33.Rf2 Rxf2 34.Kxf2 Nxg5 35.Kg3 ( 35.Rxc5 $4 Ne4+ ) 35...Ne6 {As a result the French GM is a solid pawn ahead in the endgame.} 36.Rd7 ( 36.Kxg4 Rd8 ) 36...Rd8 {Black decided to activate his rook at once.} ( 36...Rb8 37.Kxg4 Kf8 {was also possible though.} ) 37.Rxb7 Rd2 38.Ba3 Rxa2 39.Rxa7 {Black cannot use the pin as Ba3xc5 is a threat now.} 39...Re2 40.Bc1 ( {Or} 40.Kxg4 Rxe3 41.Rb7 c4 $1 ) 40...Rc2 ( {Another plan is} 40...Re1 41.Bd2 Rg1+ 42.Kh2 Rd1 43.Ra2 Kh7 ) 41.Ra1 Rc3 42.Kxg4 ( {White cannot save the b3 pawn:} 42.Rb1 Nd4 ) 42...Rxb3 43.Kf5 Rd3 {The rest is technical for Vachier-Lagrave.} 44.Ra8+ Kh7 45.Ra7 Rd1 46.Rxf7 ( 46.Bb2 Rf1+ 47.Kg4 Kg6 ) 46...Nd8 47.Rc7 Rf1+ {An important zwisngschenzug to make things easier. Although} ( 47...Rxc1 48.e6 Rf1+ 49.Ke5 Kg6 50.e7 Nf7+ 51.Ke6 Rf6+ {is good enough.} ) 48.Ke4 Rxc1 {Black could have also kept the piece like this:} ( 48...Ne6 49.Rc6 Ng5+ 50.Kd3 Rxc1 51.e6 Rd1+ 52.Ke2 Rd8 {and wins.} ) 49.Rc8 Nf7 50.Rc6 Nh6 51.e6 Ng8 52.Rc7 Nf6+ 53.Ke5 Kg6 54.e7 Re1 0-1